Der Himmel der Michele de Montgolfier; (Record no. 6998)

MARC details
000 -LEADER
fixed length control field 00614cam a22002051 4500
001 - CONTROL NUMBER
control field af 50000253
003 - CONTROL NUMBER IDENTIFIER
control field DLC
005 - DATE AND TIME OF LATEST TRANSACTION
control field 20260227110920.0
008 - FIXED-LENGTH DATA ELEMENTS--GENERAL INFORMATION
fixed length control field 811204s1946 gw a 000 0 ger
010 ## - LIBRARY OF CONGRESS CONTROL NUMBER
LC control number af 50000253
035 ## - SYSTEM CONTROL NUMBER
System control number (OCoLC)13600267
040 ## - CATALOGING SOURCE
Original cataloging agency DLC
Transcribing agency PU
Modifying agency DLC
042 ## - AUTHENTICATION CODE
Authentication code premarc
050 00 - LIBRARY OF CONGRESS CALL NUMBER
Classification number PN1997
Item number .H49
100 1# - MAIN ENTRY--PERSONAL NAME
Personal name Rubner, Josef Michael.
245 04 - TITLE STATEMENT
Title Der Himmel der Michele de Montgolfier;
Remainder of title ein Filmstoff und seine Geschichte.
260 ## - PUBLICATION, DISTRIBUTION, ETC.
Place of publication, distribution, etc. München,
Name of publisher, distributor, etc. Drei Fichten Verlag
Date of publication, distribution, etc. [1946]
300 ## - PHYSICAL DESCRIPTION
Extent 81 p.
Other physical details illus.
Dimensions 26 cm.
630 40 - SUBJECT ADDED ENTRY--UNIFORM TITLE
Uniform title Der Himmel der Michele de Montgolfier (Motion picture)

No items available.

Powered by Koha